Poupátka /
Román zpracovává téma sexuálního zneužívání dětí. Jedenáctiletá dívka, která nenachází uspokojivé mezilidské vztahy ani odpovědi na základní otázky dobra a zla, je o to zranitelnější obětí manipulace a zneužívání.
Uloženo v:
| Hlavní autor: | |
|---|---|
| Další autoři: | |
| Médium: | E-kniha |
| Jazyk: | Czech |
| Vydáno: |
V Praze :
Vyšehrad,
2021
|
| Vydání: | Vydání první |
| Edice: | Tvář (Vyšehrad)
|
| Témata: | |
| Tagy: |
Žádné tagy |
| LEADER | 02643nam a2200469 i 4500 | ||
|---|---|---|---|
| 001 | 312419 | ||
| 003 | CZ PrSKC | ||
| 005 | 20260601215722.0 | ||
| 007 | ta | ||
| 008 | 210611s2021 xr a g 000 f cze | ||
| 015 | |a cnb003327766 | ||
| 020 | |a 9788076014589 |q (vázáno) : |c Kč 349,00 | ||
| 035 | |a (OCoLC)1267679668 | ||
| 040 | |a ABG001 |b cze |e rda | ||
| 072 | 7 | |a 821.162.3-3 |x Česká próza |2 Konspekt | |
| 080 | |a 821.162.3-31 |2 MRF | ||
| 080 | |a 364.633-053.2 |2 MRF | ||
| 080 | |a (0:82-311.1) |2 MRF | ||
| 100 | 1 | |a Lehečková, Hana D., |d 1990- |7 xx0227052 |4 aut | |
| 245 | 1 | 0 | |a Poupátka / |c Hana D. Lehečková ; ilustrace Ondřej Dolejší |
| 250 | |a Vydání první | ||
| 264 | 1 | |a V Praze : |b Vyšehrad, |c 2021 | |
| 300 | |a 365 stran : |b ilustrace ; |c 18 cm | ||
| 336 | |a text |b txt |2 rdacontent | ||
| 337 | |a bez média |b n |2 rdamedia | ||
| 338 | |a svazek |b nc |2 rdacarrier | ||
| 490 | 1 | |a Tvář ; |v svazek 8. | |
| 520 | 2 | |a Román zpracovává téma sexuálního zneužívání dětí. Jedenáctiletá dívka, která nenachází uspokojivé mezilidské vztahy ani odpovědi na základní otázky dobra a zla, je o to zranitelnější obětí manipulace a zneužívání. |b Divadlo umí okouzlit. Ví to i jedenáctiletá Františka, která se po škole víc než domů těší do dramatického kroužku. Proč však vedoucí Mirek své divadelní partě zakazuje kamarádit se s jinými dětmi? Proč tvrdí, že správná herečka musí režisérovi vždy zcela důvěřovat, a nutí své svěřenkyně se svlékat? Zdá se, že ospalé městečko, kde Františka žije, má už řadu let závažné tajemství - tajemství, o kterém všichni tak nějak vědí, ale promluvit nechce nikdo. Nakladatelská anotace. | |
| 650 | 0 | 7 | |a sexuálně zneužívané děti |7 ph115772 |2 czenas |
| 650 | 0 | 9 | |a sexually abused children |2 eczenas |
| 655 | 7 | |a české romány |7 fd133974 |2 czenas | |
| 655 | 7 | |a psychologické romány |7 fd278579 |2 czenas | |
| 655 | 9 | |a Czech fiction |2 eczenas | |
| 655 | 9 | |a psychological novels |2 eczenas | |
| 700 | 1 | |a Dolejší, Ondřej, |d 1988- |7 xx0221978 |4 ill | |
| 830 | 0 | |a Tvář (Vyšehrad) | |
| 900 | |a ABA001 |b 19 | ||
| 928 | 9 | |a Albatros Media - Vyšehrad | |
| 044 | |a xr | ||
| 910 | |a RBIT002 | ||
| 998 | |d 406221 |a https://core.palmknihy.cz/api/books/406221/cover?sejwlb |b https://core.palmknihy.cz/api/books/406221/cover/400?sejwlb |c https://core.palmknihy.cz/api/books/406221/cover/50?sejwlb |e 2031-12-31 |g 368 |i 9788076014589 |j https://core.palmknihy.cz/api/books/406221/preview.epub |k https://core.palmknihy.cz/api/books/406221/preview.pdf |l |q 49 |r 1 |s https://www.palmknihy.cz/kniha/406221 |t ebook |y 2021 |z 0 | ||
| 999 | |d 312417 | ||